LEADER 02587nam 2200601 450 001 9910464780103321 005 20200520144314.0 010 $a0-309-29407-X 035 $a(CKB)3710000000103348 035 $a(EBL)3379210 035 $a(SSID)ssj0001215932 035 $a(PQKBManifestationID)11680715 035 $a(PQKBTitleCode)TC0001215932 035 $a(PQKBWorkID)11188950 035 $a(PQKB)11730234 035 $a(MiAaPQ)EBC3379210 035 $a(Au-PeEL)EBL3379210 035 $a(CaPaEBR)ebr10863864 035 $a(OCoLC)876416383 035 $a(EXLCZ)993710000000103348 100 $a20140507h20142014 uy 0 101 0 $aeng 135 $aurcnu|||||||| 181 $ctxt 182 $cc 183 $acr 200 00$aFinancing long-term services and supports for individuals with disabilities and older adults $eworkshop summary /$fTracy A. Lustig and Steve Olson, rapporteurs forum on aging, disability and independence : board on health sciences policy division of behavioral and social sciences and education 210 1$aWashington, District of Columbia :$cNational Academies Press,$d2014. 210 4$d©2014 215 $a1 online resource (84 p.) 300 $aDescription based upon print version of record. 311 $a0-309-29406-1 320 $aIncludes bibliographical references. 327 $a""Front Matter ""; ""1 Introduction and Themes of the Workshop""; ""2 The Challenge""; ""3 The Role of Individuals and Families""; ""4 The Role of Government""; ""5 The Role of the Private Sector""; ""6 Reflections on the Workshop""; ""References""; ""Appendix A: Workshop Agenda""; ""Appendix B: Speaker Biographical Sketches"" 606 $aOlder people$xLong-term care$xCosts 606 $aOlder people$xLong-term care$zUnited States 606 $aPeople with disabilities$xLong-term care$xCosts 608 $aElectronic books. 615 0$aOlder people$xLong-term care$xCosts. 615 0$aOlder people$xLong-term care 615 0$aPeople with disabilities$xLong-term care$xCosts. 676 $a362.16068 702 $aLustig$b Tracy A. 702 $aOlsen$b Steven 712 02$aInstitute of Medicine and National Research Council. 712 12$aFinancing Long-term Services and Supports for Individuals with Disabilities and Older Adults (Workshop) 801 0$bMiAaPQ 801 1$bMiAaPQ 801 2$bMiAaPQ 906 $aBOOK 912 $a9910464780103321 996 $aFinancing long-term services and supports for individuals with disabilities and older adults$92005251 997 $aUNINA LEADER 03322 am 2200817 n 450 001 9910676682803321 005 20230314 010 $a2-85831-422-5 024 7 $a10.4000/books.pressesinalco.46238 035 $a(CKB)5850000000326304 035 $a(FrMaCLE)OB-pressesinalco-46238 035 $a(PPN)269166114 035 $a(EXLCZ)995850000000326304 100 $a20230314j|||||||| ||| 0 101 0 $afre 135 $auu||||||m|||| 200 10$aTaksim ! $eChypre divisée, 1964-2005 /$fÉtienne Copeaux, Claire Mauss-Copeaux 210 $aParis $cPresses de l?Inalco$d2023 215 $a1 online resource (268 p.) 311 $a2-85831-419-5 330 $aÀ Chypre, indépendante depuis 1960, l?agressivité des mouvements nationalistes importés de Turquie et de Grèce a abouti à des affrontements interethniques, à la séparation des communautés grecque et turque, autrement dit orthodoxe et musulmane, et enfin à une tentative de coup d?État pro-grec suivie d?une intervention armée turque qui a accompli le partage (taksim) de l?île en 1974. À l?époque, environ un tiers des Chypriotes ont subi un ou plusieurs exodes forcés et le tissu social de l?île a été détruit. De 1995 à 2004, les auteurs de cet ouvrage ont écouté la population, surtout du côté turc, jusqu?alors négligée par la recherche. Les témoignages recueillis, parmi des « gens de peu », disent le malheur de la déchirure comme les craintes et les espérances de ceux qui tentent de reconstruire une mémoire commune. Cette étude illustre les dégâts du nationalisme, plaqué sur la religion et souvent artificiellement inculqué dans l?esprit de populations qui vivaient ensemble, parfois difficilement, mais sans se faire la guerre. À son échelle, le cas chypriote n?est guère différent du désastre yougoslave, vingt ans plus tard : le danger n?est pas dans l?Autre, mais dans les nationalismes qui jouent avec le feu. 606 $aGeography 606 $aHistory 606 $aInternational Relations 606 $aSociology & Anthropology 606 $aAnthropology 606 $aChypre 606 $achypriotisme 606 $atémoignages 606 $aTurquie 606 $aONU 606 $aGrèce 606 $aéglise 606 $afrontière 606 $aCyprus 606 $atestimony 606 $atestimonies 606 $aTurkey 606 $aGreece 606 $aUN 606 $achurch 606 $aborder 615 4$aGeography 615 4$aHistory 615 4$aInternational Relations 615 4$aSociology & Anthropology 615 4$aAnthropology 615 4$aChypre 615 4$achypriotisme 615 4$atémoignages 615 4$aTurquie 615 4$aONU 615 4$aGrèce 615 4$aéglise 615 4$afrontière 615 4$aCyprus 615 4$atestimony 615 4$atestimonies 615 4$aTurkey 615 4$aGreece 615 4$aUN 615 4$achurch 615 4$aborder 700 $aCopeaux$b Étienne$01232662 701 $aMauss-Copeaux$b Claire$01365812 701 $aAttalidou$b Katerina$01365813 801 0$bFR-FrMaCLE 906 $aBOOK 912 $a9910676682803321 996 $aTaksim$93387972 997 $aUNINA